00462nam a2200193 a 4500001001300000003000900013005001700022008004100039020001000080082001300090100001700103245002200120260004200142300000800184500003500192505001300227650001100240700001700251nice12345678IN_TiNIC20260116012308.0050524s0000 dela grp 000 0 urd  ac10000a796bRAI aRaibarn, W M aTaleem Men Khail. aDelhibInter-India Publicationsc0000 a40p aincludes index and biblioraphy2 aAppendix aSports1 aRaibarn, W M